The philosophy of Hegel ; a systematic exposition.

Bibliographic Details
Main Author: Stace, W. T. (Walter Terence), 1886-1967
Format: Book
Language:English
Published: [New York] : Dover Publications, [1955]
Subjects:

MARC

Tag First Indicator Second Indicator Subfields
LEADER 00000cam a2200000 4500
001 in00000060806
005 20151008050552.0
008 720713r19551924nyu 00000 eng u
010 |a  55013745  
035 |a (OCoLC)00355205 
035 |9 AAG1833AM 
040 |c YNG  |d OCL  |d TXA  |d UtOrBLW 
049 |a TXAM  |c [263027] 
050 0 |a B2948  |b .S85 1955 
092 |a 193.5  |b S775p, 1955 
100 1 |a Stace, W. T.  |q (Walter Terence),  |d 1886-1967. 
245 1 4 |a The philosophy of Hegel ;  |b a systematic exposition. 
264 1 |a [New York] :  |b Dover Publications,  |c [1955] 
300 |a x, 526 pages :  |b illustrations 
336 |a text  |b txt  |2 rdacontent 
337 |a unmediated  |b n  |2 rdamedia 
338 |a volume  |b nc  |2 rdacarrier 
500 |a "An unabridged and unaltered republication of the first edition, published in [1924]" 
600 1 0 |a Hegel, Georg Wilhelm Friedrich,  |d 1770-1831. 
999 |a MARS 
999 f f |s 0ef3c8ee-ed48-3f79-8ac6-52b2f01434d1  |i a94f0c98-cdc2-3299-a8b6-f9af51b19ff8  |t 0 
952 f f |p normal  |a Texas A&M University  |b College Station  |c Sterling C. Evans Library  |d Evans: Library Stacks  |t 0  |e B2948 .S85 1955  |h Library of Congress classification  |i unmediated -- volume  |m A14800544271 
998 f f |a B2948 .S85 1955  |t 0  |l Evans: Library Stacks